| 000 | 00542nam a2200193Ia 4500 | ||
|---|---|---|---|
| 999 |
_c3156 _d3156 |
||
| 003 | OSt | ||
| 005 | 20200819102136.0 | ||
| 008 | 190216s9999||||xx |||||||||||||| ||und|| | ||
| 020 | _a8122412645 | ||
| 040 | _coclc | ||
| 082 |
_a541.28 _bPRA/Q |
||
| 100 |
_aPrasad, R K _94207 |
||
| 245 | 0 |
_aQuantum Chemistry / _cR K Prasad |
|
| 250 | _a2nd Ed. | ||
| 260 |
_bNew Age International Publishers, _c2004. _aNew Delhi: |
||
| 300 | _a572p | ||
| 650 | _aChemistry-Chemistry | ||
| 942 |
_cBK _2ddc _h541.28 _iPRA/Q _k541.28 _mPRA/Q |
||